Tak czy Nie (wersja piłkarska) - Statystyki

Ogólne statystyki
  • Ten quiz został rozwiązany 92 razy
  • Średni wynik to 4 z 5
Statystyki odpowiedzi
Zagadnienie Odpowiedź % Poprawnych
Kapitanem reprezentacji Chorwacji jest Luka Modric tak
98%
Czy ten quiz był szybki Tak
90%
Francja wygrała euro 2020 nie
88%
Lunin jest bramkarzem z Litwy Nie
85%
Chcesz 2 część Tak
78%
Nie znaleziono quizów pasujących do podanych kryteriów
Rozkład punktacji
Procent ludzi z każdym wynikiem
Percentyl według liczby udzielonych odpowiedzi
Twoja historia wyników
Nie rozwiązałeś tego quizu